[Event "65th Rtng Kimry chess Championship"]
[Site "Kimry"]
[Date "2012.01.04"]
[Round "5.1"]
[White "Dobrovolsky, Konstantin"]
[Black "Rumjantsev, Juri"]
[Result "0-1"]
[WhiteElo "2279"]
[BlackElo "2133"]
[PlyCount "190"]
[EventDate "2012.01.02"]

1. d4 Nf6 2. c4 d6 3. Nf3 c5 4. d5 e5 5. Nc3 e4 6. Ng5 Bf5 7. Qc2 g6 8. Ngxe4
Nxe4 9. Nxe4 Bg7 10. Qa4+ Kf8 11. Ng3 Bd7 12. Qb3 Na6 13. Bf4 Qf6 14. Bd2 Qxb2
15. Qxb2 Bxb2 16. Rb1 Be5 17. f4 Bg7 18. Rxb7 Ke7 19. Rb3 Rhb8 20. Ra3 Nb4 21.
Bxb4 cxb4 22. Rb3 a5 23. c5 dxc5 24. e4 Bc3+ 25. Kd1 a4 26. Rb1 a3 27. Bc4 Bb5
28. d6+ Kxd6 29. e5+ Kc6 30. Bxb5+ Rxb5 31. Ne4 Bd4 32. Nd6 Rbb8 33. Kc2 Kd5
34. Kb3 f6 35. Nc4 fxe5 36. fxe5 Ra7 37. Rhf1 Re7 38. Rf6 Re6 39. Rf7 Bxe5 40.
Rxh7 Rf8 41. Re1 Rfe8 42. h4 Bd4 43. Rd7+ Kc6 44. Rd6+ Rxd6 45. Rxe8 Rf6 46.
Rg8 Kd5 47. h5 gxh5 48. Rg5+ Ke4 49. Rxh5 Rg6 50. Rh4+ Kd3 51. g4 Ke2 52. Rh2+
Kf3 53. Nd2+ Kf4 54. Rg2 Bc3 55. Nc4 Kf3 56. Rg1 Kf2 57. Rh1 Bd4 58. Rh4 Kg3
59. Rh5 Rxg4 60. Ne5 Re4 61. Nd3 Re3 62. Kc4 b3 63. axb3 a2 64. Rh1 a1=Q 65.
Rxa1 Bxa1 66. Nxc5 Kf4 67. Kd5 Bc3 68. Ne6+ Kf5 69. Nc5 Re1 70. Kc4 Be5 71. b4
Rb1 72. b5 Bd6 73. Nb3 Ke6 74. Nd4+ Kd7 75. Kd5 Bg3 76. Kc4 Bf2 77. Nb3 Kc7 78.
Nd2 Rc1+ 79. Kd3 Kb6 80. Ne4 Be1 81. Ng5 Kxb5 82. Nf3 Bf2 83. Nd2 Re1 84. Ne4
Bc5 85. Nc3+ Kb4 86. Nd5+ Kb3 87. Nf4 Re3+ 88. Kd2 Rf3 89. Nd3 Bd4 90. Ke2 Re3+
91. Kd2 Rg3 92. Nc1+ Kc4 93. Ne2 Ra3 94. Kc2 Ra2+ 95. Kd1 Be3 0-1

[Event "65th Rtng Kimry chess Championship"]
[Site "Kimry"]
[Date "2012.01.04"]
[Round "5.2"]
[White "Volkov, Sergei"]
[Black "Kobozeva, Viktoria"]
[Result "1-0"]
[WhiteElo "2259"]
[BlackElo "1851"]
[PlyCount "51"]
[EventDate "2012.01.02"]

1. c4 c6 2. e4 d5 3. exd5 cxd5 4. d4 Nf6 5. Nc3 Nc6 6. Nf3 Bg4 7. cxd5 Nxd5 8.
Bb5 Nxc3 9. bxc3 Qa5 10. Qb3 Bxf3 11. gxf3 e6 12. Bd2 Qc7 13. Rb1 Bd6 14. Rg1
g6 15. h4 O-O 16. Bd3 Rab8 17. h5 Kg7 18. Qc2 f5 19. Qc1 Rg8 20. Kf1 Kf7 21.
Rh1 Ne7 22. c4 b6 23. Bg5 Nc6 24. Qe3 e5 25. hxg6+ hxg6 26. c5 1-0

[Event "65th Rtng Kimry chess Championship"]
[Site "Kimry"]
[Date "2012.01.04"]
[Round "5.4"]
[White "Pospelov, Sergey"]
[Black "Mironova, Natalia"]
[Result "1-0"]
[WhiteElo "2019"]
[BlackElo "1826"]
[PlyCount "131"]
[EventDate "2012.01.02"]

1. e4 e6 2. d4 d5 3. Nd2 c5 4. exd5 Qxd5 5. Ngf3 Nc6 6. c4 Qd8 7. Nb3 cxd4 8.
Nfxd4 Nxd4 9. Qxd4 Qxd4 10. Nxd4 a6 11. Bd2 Nf6 12. g3 Ne4 13. Be3 Bb4+ 14. Ke2
e5 15. Nc2 Be7 16. Bg2 Bf5 17. Rac1 Rc8 18. Bxe4 Bxe4 19. f3 Bf5 20. b3 O-O 21.
Rhd1 b5 22. g4 Bg6 23. Rd7 Rfe8 24. Ne1 Ba3 25. Rcd1 bxc4 26. bxc4 Rxc4 27.
R1d5 h5 28. h3 Bb4 29. Bd2 hxg4 30. hxg4 Bxd2 31. Rxd2 e4 32. f4 e3 33. R2d4
Rc5 34. f5 Bh7 35. Rd8 Kf8 36. Rxe8+ Kxe8 37. Kxe3 Ra5 38. a4 f6 39. Nd3 g6 40.
fxg6 Bxg6 41. Nb2 Ke7 42. Rb4 Bc2 43. Kd2 Bg6 44. Kc3 Be8 45. Re4+ Kf7 46. Nc4
Bc6 47. Rf4 Rxa4 48. g5 Bb5 49. Rxf6+ Kg7 50. Nd6 Rg4 51. Nf5+ Kh7 52. Rh6+ Kg8
53. Rg6+ Kh7 54. Rg7+ Kh8 55. g6 Rg3+ 56. Kb4 Rg4+ 57. Kc3 Rg5 58. Rh7+ Kg8 59.
Nh6+ Kf8 60. Rf7+ Ke8 61. g7 Rg3+ 62. Kd4 Rg4+ 63. Ke5 Bc4 64. Rb7 Rg6 65. Nf5
Be6 66. Re7+ 1-0

[Event "65th Rtng Kimry chess Championship"]
[Site "Kimry"]
[Date "2012.01.04"]
[Round "5.5"]
[White "Milkin, Sergey"]
[Black "Pakhteev, Yury"]
[Result "1-0"]
[WhiteElo "2045"]
[BlackElo "2269"]
[PlyCount "78"]
[EventDate "2012.01.02"]

1. d4 c5 2. d5 e5 3. c4 d6 4. Nc3 Be7 5. Nf3 h6 6. e4 Bg5 7. Nxg5 hxg5 8. Be2
g6 9. Be3 f5 10. f3 a6 11. Qd2 f4 12. Bf2 Nf6 13. O-O-O b5 14. cxb5 g4 15. g3
g5 16. gxf4 exf4 17. e5 dxe5 18. Bxc5 Nbd7 19. Bb4 gxf3 20. Bxf3 g4 21. Be4 Kf7
22. d6 Rb8 23. Bc2 Bb7 24. Bb3+ Kg7 25. Nd5 Bxd5 26. Bxd5 Nxd5 27. Qxd5 Qf6 28.
Bc3 Rxb5 29. Qc6 Qf5 30. Qxa6 Rc5 31. Qe2 Ra8 32. Rhg1 f3 33. Qc2 Kf6 34. Qxf5+
Kxf5 35. h3 e4 36. Rxg4 Rxc3+ 37. bxc3 Rxa2 38. Rg7 f2 39. Rxd7 e3 1-0

[Event "65th Rtng Kimry chess Championship"]
[Site "Kimry"]
[Date "2012.01.04"]
[Round "5.6"]
[White "Ustinov, Alexey"]
[Black "Golubeva, Maria"]
[Result "1/2-1/2"]
[WhiteElo "2147"]
[BlackElo "1889"]
[PlyCount "30"]
[EventDate "2012.01.02"]

1. c4 c6 2. b4 d5 3. e3 Nf6 4. Nf3 Bg4 5. Bb2 Nbd7 6. cxd5 cxd5 7. d3 e6 8. a3
Be7 9. Nbd2 O-O 10. Be2 Rc8 11. O-O a5 12. b5 Qb6 13. Nd4 Bxe2 14. Qxe2 Rc7 15.
f4 Rfc8 1/2-1/2

[Event "65th Rtng Kimry chess Championship"]
[Site "Kimry"]
[Date "2012.01.04"]
[Round "5.7"]
[White "Kuryshkin, Anatoliy"]
[Black "Sepp, Yuri"]
[Result "1-0"]
[WhiteElo "2018"]
[BlackElo "1970"]
[PlyCount "121"]
[EventDate "2012.01.02"]

1. e4 c5 2. Nf3 Nc6 3. d4 cxd4 4. Nxd4 Nf6 5. Nc3 d6 6. Be2 e6 7. Bg5 Be7 8.
O-O a6 9. Kh1 Qc7 10. f4 Bd7 11. Bf3 h6 12. Bh4 b5 13. a3 Rc8 14. Bxf6 gxf6 15.
f5 Nxd4 16. Qxd4 Qc5 17. Qd2 h5 18. Qe2 h4 19. Bg4 a5 20. Rf2 Qe5 21. Re1 Rc4
22. a4 Rb4 23. Nxb5 Rxb2 24. fxe6 fxe6 25. Qc4 d5 26. Qc7 Rxb5 27. Qxe5 fxe5
28. axb5 Bb4 29. Rd1 d4 30. Be2 Ke7 31. Kg1 d3 32. Bxd3 Bc5 33. Kf1 Bxf2 34.
Kxf2 Rb8 35. c4 Kd6 36. Bc2+ Kc7 37. Ba4 Rf8+ 38. Ke2 Be8 39. Rd3 Bg6 40. Re3
Kb6 41. Bc2 Kc5 42. Kd3 Rf2 43. Re2 Rf4 44. Kc3 Rf1 45. Rd2 Re1 46. Rd8 Rc1 47.
Rc8+ Kb6 48. Rc6+ Kb7 49. Kb2 Rxc2+ 50. Kxc2 Bxe4+ 51. Kc3 Bxc6 52. bxc6+ Kxc6
53. g4 hxg3 54. hxg3 a4 55. g4 e4 56. g5 Kd7 57. g6 Ke7 58. c5 e3 59. g7 Kf7
60. g8=Q+ Kxg8 61. c6 1-0

[Event "65th Rtng Kimry chess Championship"]
[Site "Kimry"]
[Date "2012.01.04"]
[Round "5.8"]
[White "Fedoruk, Nikolay"]
[Black "Pavlova, Kseniia"]
[Result "0-1"]
[WhiteElo "1813"]
[BlackElo "1971"]
[PlyCount "102"]
[EventDate "2012.01.02"]

1. e4 e6 2. d4 d5 3. exd5 exd5 4. Bd3 Bd6 5. Nf3 Nf6 6. Bg5 O-O 7. O-O Bg4 8.
Nbd2 c6 9. c3 Nbd7 10. Qc2 Qc7 11. Rae1 Rae8 12. Bh4 h6 13. Bg3 Re6 14. Rxe6
fxe6 15. Re1 c5 16. Bxd6 Qxd6 17. h3 Bxf3 18. dxc5 Nxc5 19. Nxf3 Nh5 20. Bh7+
Kh8 21. Nh4 Nf4 22. Ng6+ Nxg6 23. Bxg6 e5 24. Bh5 Ne6 25. Bg4 Nf4 26. g3 Ng6
27. Qd3 Qc5 28. Qe3 d4 29. cxd4 exd4 30. Qc1 Qd5 31. Be6 Qd6 32. Bg4 Ne5 33.
Rd1 d3 34. Qe3 Rd8 35. b3 b6 36. Bf5 d2 37. Kg2 Nc6 38. Qe6 Nb4 39. Qxd6 Rxd6
40. Bb1 Nd5 41. Rxd2 Nf4+ 42. gxf4 Rxd2 43. Kf3 Rb2 44. Be4 Rxa2 45. h4 a5 46.
h5 b5 47. Bd5 Rb2 48. f5 a4 49. bxa4 bxa4 50. Ke4 Rxf2 51. Ke5 a3 0-1

[Event "65th Rtng Kimry chess Championship"]
[Site "Kimry"]
[Date "2012.01.04"]
[Round "5.9"]
[White "Komarova, Tatiana"]
[Black "Terentieva, Alena"]
[Result "1/2-1/2"]
[WhiteElo "1798"]
[BlackElo "1869"]
[PlyCount "20"]
[EventDate "2012.01.02"]

1. e4 e5 2. Nc3 Nf6 3. f4 d5 4. fxe5 Nxe4 5. Nf3 Bg4 6. d3 Nxc3 7. bxc3 d4 8.
Bb2 dxc3 9. Bxc3 Nc6 10. Be2 Bc5 1/2-1/2

[Event "65th Rtng Kimry chess Championship"]
[Site "Kimry"]
[Date "2012.01.04"]
[Round "5.10"]
[White "Danilov, Alexander"]
[Black "Sherbakova, Elena"]
[Result "0-1"]
[WhiteElo "1759"]
[BlackElo "1864"]
[PlyCount "110"]
[EventDate "2012.01.02"]

1. c4 e5 2. Nc3 Nf6 3. d3 Be7 4. Nf3 d6 5. g3 O-O 6. Bg2 c6 7. O-O a5 8. e3
Nbd7 9. b3 Nc5 10. d4 exd4 11. exd4 Nce4 12. Bb2 d5 13. Ne5 Nxc3 14. Bxc3 Be6
15. c5 Nd7 16. f4 f6 17. Ng4 Bxg4 18. Qxg4 f5 19. Qf3 Nf6 20. Qe2 Ne4 21. Bb2
Qd7 22. Bh3 Kh8 23. g4 g6 24. Kh1 Bh4 25. gxf5 gxf5 26. Qh5 Nf2+ 27. Kg2 Rg8+
28. Kf3 Nxh3 29. Qxh4 Rg4 30. Qxh3 Qc7 31. Ke3 Qe7+ 32. Kd2 Qe4 33. Rae1 Rg2+
34. Qxg2 Qxg2+ 35. Kc1 Rg8 36. Kb1 h5 37. Bc1 h4 38. Be3 Qe4+ 39. Kc1 Rg2 40.
Bf2 Qxf4+ 41. Be3 Qe4 42. Rf2 Rxf2 43. Bxf2 Qf4+ 44. Be3 Qxh2 45. Kb1 f4 46.
Bg1 Qg2 47. a3 h3 48. b4 axb4 49. axb4 h2 50. Bxh2 Qxh2 51. Re8+ Kg7 52. Re7+
Kf6 53. Rxb7 f3 54. Rb6 f2 55. Rxc6+ Kf5 0-1

[Event "65th Rtng Kimry chess Championship"]
[Site "Kimry"]
[Date "2012.01.04"]
[Round "5.11"]
[White "Nefedov, Dmitriy"]
[Black "Redikultsev, Boris"]
[Result "0-1"]
[WhiteElo "2089"]
[BlackElo "2060"]
[PlyCount "64"]
[EventDate "2012.01.02"]

1. e4 e5 2. Nf3 Nf6 3. Nc3 Nc6 4. d3 h6 5. h3 d5 6. exd5 Nxd5 7. Bd2 Bb4 8. g3
O-O 9. Bg2 Nf6 10. O-O Re8 11. Re1 Nd7 12. a3 Bd6 13. Nh4 Nf8 14. Qh5 Nh7 15.
Ne4 Nf6 16. Nxf6+ Qxf6 17. Qf3 Qxf3 18. Nxf3 Bd7 19. Bc3 f6 20. Kh2 Bc5 21. Kg1
Rab8 22. Kf1 g5 23. Rad1 Kg7 24. d4 exd4 25. Nxd4 Nxd4 26. Bxd4 Bb5+ 27. Kg1
Rxe1+ 28. Rxe1 Bxd4 29. Re7+ Kg6 30. Be4+ f5 31. Re6+ Bf6 32. Bd5 Re8 0-1

[Event "65th Rtng Kimry chess Championship"]
[Site "Kimry"]
[Date "2012.01.04"]
[Round "5.12"]
[White "Tikhonova, Mariya"]
[Black "Filatov, Roman A"]
[Result "1/2-1/2"]
[WhiteElo "1779"]
[BlackElo "2072"]
[PlyCount "33"]
[EventDate "2012.01.02"]

1. e4 c6 2. d4 d5 3. exd5 cxd5 4. c4 Nf6 5. Nc3 g6 6. cxd5 Bg7 7. Bb5+ Bd7 8.
Bc4 O-O 9. Nf3 Bg4 10. h3 Bxf3 11. Qxf3 Nbd7 12. Be3 a6 13. d6 b5 14. dxe7 Qxe7
15. Bb3 Nb6 16. O-O b4 17. Nd5 1/2-1/2

[Event "65th Rtng Kimry chess Championship"]
[Site "Kimry"]
[Date "2012.01.04"]
[Round "5.13"]
[White "Sharkova, Vera"]
[Black "Doronine, Vladimir"]
[Result "1-0"]
[WhiteElo "1902"]
[BlackElo "1798"]
[PlyCount "55"]
[EventDate "2012.01.02"]

1. e4 d6 2. d4 Nf6 3. Nc3 g6 4. f4 Bg7 5. Nf3 O-O 6. Be2 c5 7. O-O cxd4 8. Nxd4
Qb6 9. Kh1 Nc6 10. Nxc6 bxc6 11. Qd3 Ng4 12. Qg3 Bxc3 13. Bxg4 Ba6 14. Rd1 Bg7
15. Rb1 Rab8 16. b3 h5 17. Bf3 Kh7 18. f5 Qc5 19. Qg5 Rh8 20. Qxe7 Rb7 21. Qg5
Re8 22. Be3 Qxc2 23. Rbc1 Qxa2 24. fxg6+ fxg6 25. Rxd6 Qxb3 26. Qxg6+ Kg8 27.
Qxe8+ Kh7 28. Qg6+ 1-0

[Event "65th Rtng Kimry chess Championship"]
[Site "Kimry"]
[Date "2012.01.04"]
[Round "5.14"]
[White "Voropaev, Pavel"]
[Black "Asrian, Armen"]
[Result "0-1"]
[WhiteElo "1303"]
[BlackElo "2097"]
[PlyCount "42"]
[EventDate "2012.01.02"]

1. e4 c5 2. Nf3 d6 3. Nc3 Nf6 4. Bb5+ Bd7 5. Bxd7+ Qxd7 6. O-O Nc6 7. Nd5 e6 8.
Nxf6+ gxf6 9. d4 cxd4 10. Nxd4 Be7 11. Qg4 O-O-O 12. Nxc6 Qxc6 13. Qf3 Rdg8 14.
Qe3 Kb8 15. Qd3 Rg6 16. Be3 h5 17. h4 Rg4 18. g3 Rhg8 19. Kh2 f5 20. exf5 Rxh4+
21. Kg1 Rh1# 0-1

[Event "65th Rtng Kimry chess Championship"]
[Site "Kimry"]
[Date "2012.01.05"]
[Round "6.1"]
[White "Volkov, Sergei"]
[Black "Rumjantsev, Juri"]
[Result "1-0"]
[WhiteElo "2259"]
[BlackElo "2133"]
[PlyCount "69"]
[EventDate "2012.01.02"]

1. c4 Nf6 2. Nc3 d6 3. g3 g6 4. Bg2 Bg7 5. Nf3 O-O 6. O-O e5 7. d3 Re8 8. Bg5
Nbd7 9. Nd2 h6 10. Bxf6 Nxf6 11. b4 Rb8 12. b5 Nd7 13. Rb1 Nc5 14. Nb3 Ne6 15.
Qc1 Bf8 16. Qe3 Ra8 17. a4 f5 18. Nd5 Bg7 19. a5 a6 20. bxa6 Rxa6 21. Nb4 Ra8
22. a6 c6 23. axb7 Bxb7 24. Nxc6 Qc7 25. Nba5 Ba6 26. Qb6 e4 27. dxe4 Qxb6 28.
Rxb6 Nd4 29. exf5 Nxe2+ 30. Kh1 gxf5 31. Nb4 Bc3 32. Bxa8 Rxa8 33. Rxa6 Rxa6
34. Nxa6 Bxa5 35. Rd1 1-0

[Event "65th Rtng Kimry chess Championship"]
[Site "Kimry"]
[Date "2012.01.05"]
[Round "6.2"]
[White "Vdovin, Vadim"]
[Black "Dobrovolsky, Konstantin"]
[Result "1/2-1/2"]
[WhiteElo "2141"]
[BlackElo "2279"]
[PlyCount "45"]
[EventDate "2012.01.02"]

1. e4 e5 2. Nf3 Nc6 3. d4 exd4 4. Nxd4 Bc5 5. Be3 Qf6 6. c3 Nge7 7. Nc2 Bb6 8.
Bxb6 axb6 9. Ne3 d6 10. Qd2 Be6 11. c4 Nd4 12. Qd1 b5 13. Nc3 b4 14. Ncd5 Bxd5
15. cxd5 O-O 16. Be2 Nxe2 17. Qxe2 Qd4 18. Qc2 f5 19. exf5 Rf7 20. Rd1 Qe5 21.
O-O Nxf5 22. Nxf5 Qxf5 23. Qc4 1/2-1/2

[Event "65th Rtng Kimry chess Championship"]
[Site "Kimry"]
[Date "2012.01.05"]
[Round "6.3"]
[White "Pospelov, Sergey"]
[Black "Milkin, Sergey"]
[Result "1-0"]
[WhiteElo "2019"]
[BlackElo "2045"]
[PlyCount "117"]
[EventDate "2012.01.02"]

1. e4 c6 2. d4 d5 3. Nc3 dxe4 4. Nxe4 Bf5 5. Ng3 Bg6 6. Nf3 Nd7 7. Bd3 Ngf6 8.
O-O e6 9. Re1 Be7 10. c3 Bxd3 11. Qxd3 O-O 12. Be3 Qc7 13. Rad1 Rfd8 14. Qc2 c5
15. Rd2 b5 16. dxc5 Bxc5 17. Bd4 Bxd4 18. Nxd4 a6 19. Ne4 Nxe4 20. Qxe4 Nf6 21.
Qe2 Rd5 22. Rd3 Rad8 23. Red1 b4 24. cxb4 R8d7 25. R3d2 Qf4 26. Nb3 Qxb4 27.
Rxd5 Rxd5 28. Rxd5 exd5 29. Qxa6 h6 30. Qc8+ Kh7 31. Qc2+ g6 32. g3 Ne4 33. a3
Qe1+ 34. Kg2 h5 35. h4 f5 36. Nd4 Nd2 37. Qd3 Nc4 38. b4 Qa1 39. Nf3 Qb2 40. a4
Kh6 41. Qd4 Qxd4 42. Nxd4 Kg7 43. Kf3 Kf6 44. Kf4 Nb2 45. a5 Nd3+ 46. Ke3 Nxb4
47. Nb3 Ke5 48. Nd4 Na6 49. Nf3+ Kd6 50. Kf4 Kc5 51. Kg5 d4 52. Kxg6 d3 53.
Kxf5 Nb4 54. Ke4 Kc4 55. Ne5+ Kc3 56. Nxd3 Nxd3 57. f3 Kc4 58. g4 Nc5+ 59. Kf5
1-0

[Event "65th Rtng Kimry chess Championship"]
[Site "Kimry"]
[Date "2012.01.05"]
[Round "6.4"]
[White "Kobozeva, Viktoria"]
[Black "Ustinov, Alexey"]
[Result "0-1"]
[WhiteElo "1851"]
[BlackElo "2147"]
[PlyCount "116"]
[EventDate "2012.01.02"]

1. e4 d5 2. exd5 Qxd5 3. Nc3 Qa5 4. d4 Nf6 5. Bd2 Nc6 6. Nf3 Bg4 7. Bb5 O-O-O
8. Bxc6 bxc6 9. h3 Qh5 10. Qe2 Bxf3 11. gxf3 Kb7 12. Be3 e6 13. O-O-O Bb4 14.
Rdg1 Qa5 15. Qc4 Rhg8 16. Ne4 Be7 17. Rd1 Qd5 18. Qxd5 cxd5 19. Nc3 Nd7 20. f4
g6 21. h4 Nf6 22. f3 Nh5 23. Rdg1 Ng7 24. Bf2 h5 25. Kd2 Nf5 26. Re1 Kc6 27.
Ne2 Rb8 28. b3 a5 29. Nc1 Bb4+ 30. c3 Bd6 31. Nd3 Kd7 32. Rhg1 Rb5 33. Kc2 c6
34. Kd2 Ng7 35. Kc2 Ne8 36. Ne5+ Bxe5 37. fxe5 Nc7 38. Kd2 Rc8 39. Rc1 Na6 40.
Kd3 c5 41. dxc5 Nxc5+ 42. Bxc5 Rbxc5 43. f4 Kc6 44. a4 Kb6 45. Kd4 R5c7 46. Rg2
Ka6 47. Rb2 Rb7 48. Rcb1 Rcc7 49. Kd3 Ka7 50. Kd4 Kb8 51. Kd3 Kc8 52. Kd4 Kd7
53. Kd3 Ke7 54. Rg2 Rc4 55. bxc4 Rxb1 56. cxd5 exd5 57. Kd4 Ke6 58. Kc5 Rf1 0-1

[Event "65th Rtng Kimry chess Championship"]
[Site "Kimry"]
[Date "2012.01.05"]
[Round "6.5"]
[White "Sherbakova, Elena"]
[Black "Kuryshkin, Anatoliy"]
[Result "0-1"]
[WhiteElo "1864"]
[BlackElo "2018"]
[PlyCount "54"]
[EventDate "2012.01.02"]

1. e4 e5 2. Nf3 Nc6 3. Bb5 a6 4. Ba4 Nf6 5. Bxc6 dxc6 6. d3 Nd7 7. O-O Bd6 8.
Be3 Nf8 9. d4 exd4 10. Bxd4 Ne6 11. Be5 f6 12. Bxd6 cxd6 13. Nbd2 Nc5 14. b3
Bg4 15. Qe2 Qe7 16. Rfe1 O-O-O 17. a4 Rhe8 18. Qc4 Be6 19. Qc3 Qc7 20. b4 Nd7
21. Nd4 Bf7 22. Nc4 d5 23. Nd2 dxe4 24. Nxe4 Bd5 25. Nc5 Nxc5 26. Qxc5 Qf4 27.
Rad1 Qd2 0-1

[Event "65th Rtng Kimry chess Championship"]
[Site "Kimry"]
[Date "2012.01.05"]
[Round "6.6"]
[White "Mironova, Natalia"]
[Black "Pavlova, Kseniia"]
[Result "0-1"]
[WhiteElo "1826"]
[BlackElo "1971"]
[PlyCount "62"]
[EventDate "2012.01.02"]

1. e4 e6 2. d4 d5 3. Nc3 Bb4 4. e5 Ne7 5. Bd3 c5 6. a3 Bxc3+ 7. bxc3 Qc7 8. Bd2
Nbc6 9. Nf3 Bd7 10. a4 c4 11. Be2 f6 12. Bf4 Ng6 13. g3 fxe5 14. Nxe5 Ncxe5 15.
Bh5 Qa5 16. Bxe5 Qxc3+ 17. Kf1 O-O 18. Bd6 Rf6 19. Bxg6 Rxg6 20. Be5 Rg5 21.
Kg2 Be8 22. Qc1 Rf5 23. Ra3 Qb4 24. g4 Rf8 25. Qg5 Bg6 26. Re3 Rf7 27. c3 Qb2
28. Rf1 Bd3 29. Bf4 Bxf1+ 30. Kxf1 Raf8 31. Re2 Qb1+ 0-1

[Event "65th Rtng Kimry chess Championship"]
[Site "Kimry"]
[Date "2012.01.05"]
[Round "6.8"]
[White "Sepp, Yuri"]
[Black "Pakhteev, Yury"]
[Result "0-1"]
[WhiteElo "1970"]
[BlackElo "2269"]
[PlyCount "72"]
[EventDate "2012.01.02"]

1. e4 e6 2. d4 d5 3. Nc3 Bb4 4. e5 c5 5. f4 h5 6. a3 Bxc3+ 7. bxc3 Ne7 8. Nf3
b6 9. Be2 Qc7 10. O-O Ba6 11. a4 Nf5 12. Bb5+ Bxb5 13. axb5 cxd4 14. cxd4 Qc4
15. Rb1 a6 16. bxa6 Rxa6 17. Qd2 Nc6 18. c3 Kd7 19. Ng5 f6 20. Nf3 Rc8 21. Qe1
Na5 22. Bb2 Qd3 23. Kh1 Nc4 24. Rf2 Nxb2 25. Rfxb2 Qxc3 26. Qe2 Qc4 27. Qf2 Rc6
28. h3 Qd3 29. Re1 Ra3 30. Reb1 Kc7 31. Re1 Kb7 32. exf6 gxf6 33. Rbe2 h4 34.
Kh2 Ng3 35. Rxe6 Rc2 36. R6e3 Rxf2 0-1

[Event "65th Rtng Kimry chess Championship"]
[Site "Kimry"]
[Date "2012.01.05"]
[Round "6.9"]
[White "Redikultsev, Boris"]
[Black "Komarova, Tatiana"]
[Result "1-0"]
[WhiteElo "2060"]
[BlackElo "1798"]
[PlyCount "57"]
[EventDate "2012.01.02"]

1. e4 e5 2. Nf3 d6 3. d4 Nd7 4. Bc4 c6 5. O-O Be7 6. dxe5 dxe5 7. Ng5 Bxg5 8.
Qh5 Qe7 9. Bxg5 Ngf6 10. Qe2 Nb6 11. Bb3 O-O 12. Nc3 Be6 13. Kh1 Nbd7 14. Rae1
Nc5 15. f4 Bxb3 16. fxe5 Qxe5 17. Bxf6 gxf6 18. axb3 Kh8 19. Rf5 Qe7 20. Qe3
Nd7 21. Qh6 Rg8 22. Rh5 Rg7 23. Re3 Rd8 24. Rg3 Rdg8 25. Rgh3 Nf8 26. R3h4 Qd6
27. g3 Qd4 28. Kg2 Qd6 29. e5 1-0

[Event "65th Rtng Kimry chess Championship"]
[Site "Kimry"]
[Date "2012.01.05"]
[Round "6.10"]
[White "Terentieva, Alena"]
[Black "Sharkova, Vera"]
[Result "1-0"]
[WhiteElo "1869"]
[BlackElo "1902"]
[PlyCount "53"]
[EventDate "2012.01.02"]

1. e4 c5 2. c3 d5 3. exd5 Qxd5 4. d4 cxd4 5. cxd4 Nc6 6. Nf3 Bg4 7. Nc3 Qa5 8.
Be2 e6 9. O-O Nf6 10. Qb3 Qb4 11. Qxb4 Nxb4 12. Bb5+ Ke7 13. Ne5 Bf5 14. Bd2
Nc2 15. Ne2 Nd5 16. Rac1 f6 17. g4 fxe5 18. gxf5 Nxd4 19. Nxd4 exd4 20. fxe6
Kxe6 21. Rfe1+ Kf6 22. Re4 Be7 23. Rxd4 Rhd8 24. Bc4 Nb6 25. Rf4+ Kg6 26. Bf7+
Kh6 27. Rf6# 1-0

[Event "65th Rtng Kimry chess Championship"]
[Site "Kimry"]
[Date "2012.01.05"]
[Round "6.11"]
[White "Filatov, Roman A"]
[Black "Danilov, Alexander"]
[Result "1-0"]
[WhiteElo "2072"]
[BlackElo "1759"]
[PlyCount "55"]
[EventDate "2012.01.02"]

1. d4 d5 2. Nf3 Nf6 3. c4 e6 4. Nc3 c5 5. cxd5 cxd4 6. Qxd4 Nxd5 7. Nxd5 exd5
8. e4 Be6 9. Bb5+ Nc6 10. O-O a6 11. Bxc6+ bxc6 12. exd5 Qxd5 13. Re1 Rd8 14.
Be3 Qb5 15. a4 Qb7 16. Qe4 Qd7 17. Ng5 Qd5 18. Qc2 Rc8 19. Nxe6 fxe6 20. Rad1
Qf5 21. Qb3 a5 22. Qb7 e5 23. Bd4 e4 24. f3 Be7 25. Rxe4 O-O 26. Rxe7 Rf6 27.
Rxg7+ Kf8 28. Qe7# 1-0

[Event "65th Rtng Kimry chess Championship"]
[Site "Kimry"]
[Date "2012.01.05"]
[Round "6.12"]
[White "Geshko., Aleksey"]
[Black "Fedoruk, Nikolay"]
[Result "1-0"]
[WhiteElo "1867"]
[BlackElo "1813"]
[PlyCount "83"]
[EventDate "2012.01.02"]

1. e4 c5 2. Nf3 Nc6 3. d4 cxd4 4. Nxd4 Nf6 5. f3 d6 6. c4 Qb6 7. Nc2 g6 8. Nc3
Bg7 9. Rb1 O-O 10. Be3 Qd8 11. Be2 Bd7 12. O-O Rc8 13. Nd5 b6 14. Qd2 Ne5 15.
b3 Bc6 16. Nd4 e6 17. Nxf6+ Bxf6 18. Rbd1 Qe7 19. f4 Nd7 20. Nxc6 Rxc6 21. e5
Bg7 22. exd6 Qd8 23. Bf3 Rc8 24. Rc1 Re8 25. Rfd1 e5 26. fxe5 Rxe5 27. Bd4 Re6
28. Bxg7 Kxg7 29. Qd4+ Qf6 30. Qxf6+ Nxf6 31. b4 Nd7 32. c5 bxc5 33. bxc5 Rxc5
34. Rxc5 Nxc5 35. d7 Nxd7 36. Rxd7 a6 37. Ra7 Rd6 38. h3 h5 39. Kh2 h4 40. Be2
Rd2 41. Bc4 Rf2 42. Rxa6 1-0

[Event "65th Rtng Kimry chess Championship"]
[Site "Kimry"]
[Date "2012.01.05"]
[Round "6.14"]
[White "Voropaev, Pavel"]
[Black "Nefedov, Dmitriy"]
[Result "0-1"]
[WhiteElo "1303"]
[BlackElo "2089"]
[PlyCount "54"]
[EventDate "2012.01.02"]

1. e4 c5 2. Nf3 Nc6 3. Nc3 g6 4. d4 cxd4 5. Nxd4 Bg7 6. Ndb5 a6 7. Na3 b5 8.
Nab1 d6 9. Be3 Nf6 10. a3 O-O 11. b4 Bb7 12. Nd2 Rc8 13. Bd3 Nxb4 14. axb4 Rxc3
15. Nf3 Nxe4 16. O-O Qc8 17. h3 d5 18. Ng5 Nxg5 19. Bxg5 e5 20. f3 e4 21. fxe4
dxe4 22. Be2 f5 23. Ra2 Rf7 24. Rf2 Rd7 25. Bd2 e3 26. Rf1 Rxd2 27. Qc1 Rxe2
0-1

[Event "65th Rtng Kimry chess Championship"]
[Site "Kimry"]
[Date "2012.01.05"]
[Round "7.1"]
[White "Vdovin, Vadim"]
[Black "Volkov, Sergei"]
[Result "1/2-1/2"]
[WhiteElo "2141"]
[BlackElo "2259"]
[PlyCount "123"]
[EventDate "2012.01.02"]

1. e4 c5 2. d4 cxd4 3. c3 Nf6 4. e5 Nd5 5. Nf3 e6 6. cxd4 Nc6 7. Nc3 d6 8. exd6
Bxd6 9. Bd3 Nf4 10. Bxf4 Bxf4 11. O-O O-O 12. Qa4 h6 13. Rad1 Bd7 14. d5 Ne5
15. Bh7+ Kh8 16. Qe4 Nxf3+ 17. Qxf3 Qb6 18. dxe6 Bxe6 19. Be4 Qxb2 20. Bxb7
Rad8 21. Rxd8 Rxd8 22. a4 Qa3 23. Bc6 Kg8 24. Ne2 Qxf3 25. Bxf3 Rd2 26. Nc3 Rc2
27. Nb5 Ra2 28. Nxa7 Rxa4 29. Nc6 Rc4 30. Bd5 Rc5 31. Bxe6 Rxc6 32. Bd5 Rc1 33.
Rxc1 Bxc1 34. Kf1 g6 35. Ke2 Kg7 36. h4 f5 37. Kf3 Kf6 38. Bb3 Ba3 39. Bc2 Bc5
40. Bb1 Bb6 41. g3 Ba7 42. Kg2 Bd4 43. f3 Bc3 44. g4 fxg4 45. fxg4 g5 46. hxg5+
Kg7 47. Kf3 Bd2 48. g6 Ba5 49. Bc2 Bb6 50. Bb1 Ba5 51. Bc2 Bb6 52. Be4 Ba5 53.
Kf4 Bc7+ 54. Kf5 Bb6 55. Ke6 Ba5 56. Kd7 Bb4 57. Kc6 Bd2 58. Kb7 Bg5 59. Ka8
Bf6 60. Bb1 Be7 61. Bc2 Bc5 62. Bd3 1/2-1/2

[Event "65th Rtng Kimry chess Championship"]
[Site "Kimry"]
[Date "2012.01.05"]
[Round "7.2"]
[White "Dobrovolsky, Konstantin"]
[Black "Pospelov, Sergey"]
[Result "1-0"]
[WhiteElo "2279"]
[BlackElo "2019"]
[PlyCount "73"]
[EventDate "2012.01.02"]

1. d4 d5 2. c4 c6 3. Nf3 Bf5 4. Nc3 e6 5. Qb3 Qc8 6. cxd5 exd5 7. Bf4 Nf6 8.
Rc1 Be7 9. h3 O-O 10. e3 h6 11. Be2 Rd8 12. O-O Nbd7 13. a4 Nf8 14. a5 Ng6 15.
Bg3 Qd7 16. Rfd1 Ne4 17. Nxe4 Bxe4 18. a6 b6 19. Qa4 Rac8 20. b4 Bxf3 21. Bxf3
Bd6 22. Bxd6 Qxd6 23. g3 Ne7 24. Qb3 c5 25. bxc5 bxc5 26. dxc5 Rxc5 27. Rxc5
Qxc5 28. Qb7 Nc6 29. Kg2 Nb4 30. Rd4 Nc6 31. Qc7 Qb5 32. Rf4 Rf8 33. Qb7 Qc5
34. Rf5 Qc2 35. Rxd5 Rb8 36. Qd7 Rb2 37. Qe8+ 1-0